000 00666nam a2200289Ia 4500
005 20260324150414.0
008 008 260324s9999 xx 000 0 eng d
020 _a9781003263012
037 _aEBOOK
040 _aCRL
040 _beng
040 _cCRL
041 _2eng
041 _aeng
084 _qCRL
100 _aGodfrey N. Brown
_91226308
245 0 _aLiving History
245 2 _bA Guide for Teachers in Africa
260 _bTaylor and Francis
260 _c1967
365 _a
365 _b150
856 _uhttp://www.taylorfrancis.com/books/9781003263012
942 _cEBOOK
999 _c1835701
_d1835701